Mathematische Theorie statistischer Experimente /
Guardado en:
| Autor Principal: | |
|---|---|
| Otros Autores: | |
| Formato: | Libro |
| Idioma: | German |
| Publicado: |
Berlin :
Springer,
1973.
|
| Series: | Hochschultext
|
| Materias: | |
| Etiquetas: |
Agregar Etiqueta
Sin Etiquetas, Sea el primero en etiquetar este registro!
|
| LEADER | 00836cam a22002535a 4500 | ||
|---|---|---|---|
| 001 | MAT.inmabb002899 | ||
| 008 | 750409s1973####gw#######b####001#0#ger## | ||
| 005 | 20130319124434.0 | ||
| 245 | 1 | 0 | |a Mathematische Theorie statistischer Experimente / |c H. Heyer ; unter Mitwirkung von Hartmut Scheller. |
| 260 | |a Berlin : |b Springer, |c 1973. | ||
| 300 | |a xxii, 209 p. ; |c 25 cm. | ||
| 440 | 0 | |a Hochschultext | |
| 504 | |a Bibliografía: p. [198]-202. | ||
| 510 | 4 | |a MR, |c 48 #9898 | |
| 020 | |a 3540064877 | ||
| 100 | 1 | |a Heyer, Herbert. | |
| 700 | 1 | |a Scheller, Hartmut. |4 clb | |
| 650 | 0 | |a Estimation theory. | |
| 650 | 0 | |a Statistical hypothesis testing. | |
| 084 | |a 62-02 (62BXX 62FXX 62GXX) |2 MR | ||
| 084 | |a 62-02 (62B15 62C05) [ed. en ingles] |2 MR | ||
| 010 | |a 73013424 | ||
| 040 | |a DLC |c NmLcU |d DLC | ||
| 859 | |h 62 |i H615 |p A-4984 |b BIB. MATEMATICA | ||
